[Event "DEM U14 2025"]
[Site "Willingen GER"]
[Date "2025.06.10"]
[Round "4"]
[White "Haustein, Henry"]
[Black "Vakeel, Eshwar"]
[Result "1-0"]
[Termination "normal"]
[Board "20"]
[WhiteElo "1683"]
[BlackElo "1720"]
[WhiteClock "00:29:00"]
[BlackClock "00:28:12"]
[PlyCount "91"]
[WhiteFideId "533043817"]
[BlackFideId "34626514"]
[EventCountry "GER"]
[EventRounds "9"]
[EventType "swiss"]
[EventDate "2025.06.07"]

1. e4 {[%clk 01:30:55]} {[%emt 00:00:04]} c6 {[%clk 01:30:57]} {[%emt
00:00:04]} 2. Nf3 {[%clk 01:31:18]} {[%emt 00:00:07]} d5 {[%clk 01:31:21]}
{[%emt 00:00:06]} 3. exd5 {[%clk 01:31:42]} {[%emt 00:00:06]} cxd5 {[%clk
01:31:42]} {[%emt 00:00:09]} 4. Ne5 {[%clk 01:32:03]} {[%emt 00:00:09]} Nc6
{[%clk 01:28:51]} {[%emt 00:03:21]} 5. d4 {[%clk 01:32:25]} {[%emt 00:00:08]}
Nf6 {[%clk 01:28:44]} {[%emt 00:00:36]} 6. c3 {[%clk 01:32:49]} {[%emt
00:00:06]} Bf5 {[%clk 01:29:00]} {[%emt 00:00:14]} 7. Bb5 {[%clk 01:32:56]}
{[%emt 00:00:23]} Rc8 {[%clk 01:27:27]} {[%emt 00:02:02]} 8. Bf4 {[%clk
01:32:16]} {[%emt 00:01:10]} a6 {[%clk 01:25:45]} {[%emt 00:02:12]} 9. Nxc6
{[%clk 01:30:14]} {[%emt 00:02:32]} bxc6 {[%emt 00:00:16]} 10. Bxa6 {[%clk
01:28:50]} {[%emt 00:01:51]} Ra8 {[%clk 01:25:47]} {[%emt 00:00:45]} 11. Bb7
{[%clk 01:28:58]} {[%emt 00:00:21]} Ra7 {[%clk 01:25:23]} {[%emt 00:00:55]} 12.
Bxc6+ {[%clk 01:29:20]} {[%emt 00:00:08]} Bd7 {[%clk 01:25:49]} {[%emt
00:00:04]} 13. Bxd7+ {[%clk 01:29:28]} {[%emt 00:00:22]} Qxd7 {[%clk 01:26:06]}
{[%emt 00:00:13]} 14. O-O {[%clk 01:29:03]} {[%emt 00:00:54]} e6 {[%clk
01:26:13]} {[%emt 00:00:24]} 15. Nd2 {[%clk 01:27:50]} {[%emt 00:01:43]} Be7
{[%clk 01:26:31]} {[%emt 00:00:12]} 16. Nf3 {[%clk 01:27:22]} {[%emt 00:00:58]}
O-O {[%clk 01:26:44]} {[%emt 00:00:18]} 17. Ne5 {[%clk 01:26:08]} {[%emt
00:01:43]} Qb5 {[%clk 01:26:06]} {[%emt 00:01:08]} 18. Qb3 {[%clk 01:24:50]}
{[%emt 00:01:48]} Qa6 {[%clk 01:25:30]} {[%emt 00:01:06]} 19. Qc2 {[%clk
01:19:02]} {[%emt 00:06:18]} Qb6 {[%clk 01:21:11]} {[%emt 00:04:47]} 20. Nd3
{[%clk 01:11:32]} {[%emt 00:08:02]} Rfa8 {[%clk 01:19:38]} {[%emt 00:02:04]}
21. a3 {[%clk 01:09:52]} {[%emt 00:02:10]} Ne4 {[%clk 01:18:51]} {[%emt
00:01:17]} 22. f3 {[%clk 01:09:12]} {[%emt 00:01:09]} Nf6 {[%clk 01:17:59]}
{[%emt 00:01:21]} 23. Bg5 {[%clk 01:08:56]} {[%emt 00:00:47]} Rc8 {[%clk
01:18:00]} {[%emt 00:00:28]} 24. Qd2 {[%clk 01:08:08]} {[%emt 00:01:17]} h6
{[%clk 01:17:15]} {[%emt 00:01:16]} 25. Bxf6 {[%clk 01:08:20]} {[%emt
00:00:18]} Bxf6 {[%clk 01:17:36]} {[%emt 00:00:09]} 26. f4 {[%clk 01:07:56]}
{[%emt 00:00:53]} Rac7 {[%clk 01:17:20]} {[%emt 00:00:45]} 27. Kh1 {[%clk
01:05:09]} {[%emt 00:03:17]} Bxd4 {[%clk 00:56:13]} {[%emt 00:21:38]} 28. cxd4
{[%clk 01:04:46]} {[%emt 00:00:53]} Qxd4 {[%clk 00:56:37]} {[%emt 00:00:05]}
29. Rad1 {[%clk 01:04:39]} {[%emt 00:00:37]} Rc2 {[%clk 00:57:02]} {[%emt
00:00:06]} 30. Qb4 {[%clk 00:56:46]} {[%emt 00:08:23]} R8c4 {[%clk 00:56:55]}
{[%emt 00:00:37]} 31. Qb8+ {[%clk 00:53:42]} {[%emt 00:03:34]} Rc8 {[%clk
00:54:16]} {[%emt 00:03:08]} 32. Qe5 {[%clk 00:52:50]} {[%emt 00:01:22]} Qc4
{[%clk 00:54:05]} {[%emt 00:00:41]} 33. f5 {[%clk 00:43:18]} {[%emt 00:10:03]}
Qg4 {[%clk 00:50:51]} {[%emt 00:03:43]} 34. Qg3 {[%clk 00:41:57]} {[%emt
00:01:50]} Qxg3 {[%clk 00:41:08]} {[%emt 00:10:14]} 35. hxg3 {[%clk 00:42:18]}
{[%emt 00:00:09]} e5 {[%clk 00:39:57]} {[%emt 00:01:42]} 36. Nxe5 {[%clk
00:39:01]} {[%emt 00:03:46]} Rxb2 {[%clk 00:40:22]} {[%emt 00:00:05]} 37. Rxd5
{[%clk 00:39:14]} {[%emt 00:00:18]} Ra2 {[%clk 00:33:45]} {[%emt 00:07:07]} 38.
Ra5 {[%clk 00:38:35]} {[%emt 00:01:09]} Rc7 {[%clk 00:32:26]} {[%emt 00:01:50]}
39. Rd1 {[%clk 00:38:13]} {[%emt 00:00:51]} Kh7 {[%clk 00:32:16]} {[%emt
00:00:39]} 40. Ra8 {[%clk 00:37:08]} {[%emt 00:01:36]} h5 {[%clk 00:32:21]}
{[%emt 00:00:25]} 41. Nf3 {[%clk 00:32:22]} {[%emt 00:05:15]} Rc5 {[%clk
00:29:58]} {[%emt 00:02:55]} 42. Rdd8 {[%clk 00:31:48]} {[%emt 00:01:03]} Ra1+
{[%clk 00:29:42]} {[%emt 00:00:46]} 43. Kh2 {[%clk 00:32:08]} {[%emt 00:00:09]}
g6 {[%clk 00:29:28]} {[%emt 00:00:43]} 44. f6 {[%clk 00:28:54]} {[%emt
00:03:45]} g5 {[%clk 00:29:39]} {[%emt 00:00:19]} 45. Rg8 {[%clk 00:29:00]}
{[%emt 00:00:24]} Rxa3 {[%clk 00:28:12]} {[%emt 00:01:57]} 46. Rg7+ {[%emt
00:00:37]} 1-0

[Event "DEM U14 2025"]
[Site "Willingen GER"]
[Date "2025.06.10"]
[Round "4"]
[White "Wartenberg, Alexander"]
[Black "Meitzner, Johan Eduard"]
[Result "1-0"]
[Termination "normal"]
[Board "21"]
[WhiteElo "1840"]
[BlackElo "1714"]
[WhiteClock "00:02:10"]
[BlackClock "00:01:30"]
[PlyCount "113"]
[WhiteFideId "16280768"]
[BlackFideId "34623612"]
[EventCountry "GER"]
[EventRounds "9"]
[EventType "swiss"]
[EventDate "2025.06.07"]

1. e4 {[%clk 01:30:58]} {[%emt 00:00:01]} c5 {[%clk 01:30:54]} {[%emt
00:00:07]} 2. Nf3 {[%clk 01:31:25]} {[%emt 00:00:03]} e6 {[%clk 01:31:20]}
{[%emt 00:00:04]} 3. d4 {[%clk 01:31:45]} {[%emt 00:00:09]} cxd4 {[%clk
01:31:46]} {[%emt 00:00:05]} 4. Nxd4 {[%clk 01:32:10]} {[%emt 00:00:05]} Nc6
{[%clk 01:32:12]} {[%emt 00:00:04]} 5. Nc3 {[%clk 01:32:08]} {[%emt 00:00:32]}
Qc7 {[%clk 01:32:35]} {[%emt 00:00:07]} 6. Be2 {[%clk 01:32:24]} {[%emt
00:00:14]} a6 {[%clk 01:32:30]} {[%emt 00:00:36]} 7. Nxc6 {[%clk 01:32:00]}
{[%emt 00:00:53]} bxc6 {[%clk 01:32:49]} {[%emt 00:00:11]} 8. Qd3 {[%clk
01:28:12]} {[%emt 00:04:18]} Be7 {[%clk 01:32:26]} {[%emt 00:00:52]} 9. Qg3
{[%clk 01:27:12]} {[%emt 00:01:31]} Qxg3 {[%clk 01:31:52]} {[%emt 00:01:03]}
10. hxg3 {[%clk 01:27:28]} {[%emt 00:00:15]} Nf6 {[%clk 01:28:53]} {[%emt
00:03:28]} 11. g4 {[%clk 01:20:19]} {[%emt 00:07:39]} d5 {[%clk 01:28:14]}
{[%emt 00:01:09]} 12. g5 {[%clk 01:16:47]} {[%emt 00:04:03]} Nd7 {[%clk
01:26:30]} {[%emt 00:02:14]} 13. Be3 {[%clk 01:07:47]} {[%emt 00:09:29]} Bb7
{[%clk 01:25:55]} {[%emt 00:01:03]} 14. O-O-O {[%clk 01:04:24]} {[%emt
00:03:55]} Nc5 {[%clk 01:17:17]} {[%emt 00:09:06]} 15. Bf3 {[%clk 00:55:43]}
{[%emt 00:09:13]} O-O-O {[%clk 01:14:19]} {[%emt 00:03:28]} 16. Bd4 {[%clk
00:46:50]} {[%emt 00:09:24]} dxe4 {[%clk 00:41:01]} {[%emt 00:33:48]} 17. Bxe4
{[%clk 00:36:45]} {[%emt 00:10:35]} Nxe4 {[%clk 00:36:08]} {[%emt 00:05:23]}
18. Nxe4 {[%clk 00:37:03]} {[%emt 00:00:11]} c5 {[%clk 00:34:08]} {[%emt
00:02:30]} 19. Bxc5 {[%clk 00:32:13]} {[%emt 00:05:20]} Bxc5 {[%clk 00:34:08]}
{[%emt 00:00:30]} 20. Nxc5 {[%clk 00:31:01]} {[%emt 00:01:42]} Bxg2 {[%clk
00:15:39]} {[%emt 00:18:59]} 21. Rxd8+ {[%clk 00:28:20]} {[%emt 00:03:11]} Kxd8
{[%clk 00:12:11]} {[%emt 00:03:58]} 22. Rd1+ {[%clk 00:28:25]} {[%emt
00:00:24]} Kc7 {[%clk 00:12:01]} {[%emt 00:00:37]} 23. Nxa6+ {[%clk 00:28:38]}
{[%emt 00:00:21]} Kb7 {[%clk 00:11:38]} {[%emt 00:00:49]} 24. Nc5+ {[%clk
00:27:41]} {[%emt 00:01:31]} Kc6 {[%clk 00:12:01]} {[%emt 00:00:07]} 25. b4
{[%clk 00:25:46]} {[%emt 00:02:26]} h6 {[%clk 00:10:46]} {[%emt 00:01:46]} 26.
gxh6 {[%clk 00:18:35]} {[%emt 00:07:41]} gxh6 {[%clk 00:11:07]} {[%emt
00:00:09]} 27. c4 {[%clk 00:17:06]} {[%emt 00:01:59]} h5 {[%clk 00:11:22]}
{[%emt 00:00:14]} 28. Rg1 {[%clk 00:13:04]} {[%emt 00:04:33]} Bf3 {[%clk
00:06:12]} {[%emt 00:05:39]} 29. Nd3 {[%clk 00:12:43]} {[%emt 00:00:52]} Kd6
{[%clk 00:04:32]} {[%emt 00:02:09]} 30. Kd2 {[%clk 00:12:50]} {[%emt 00:00:25]}
Bg4 {[%clk 00:03:52]} {[%emt 00:01:08]} 31. Ke3 {[%clk 00:12:07]} {[%emt
00:01:15]} Bf5 {[%clk 00:04:06]} {[%emt 00:00:15]} 32. Rh1 {[%clk 00:08:25]}
{[%emt 00:04:13]} e5 {[%clk 00:02:58]} {[%emt 00:01:39]} 33. Rh4 {[%clk
00:08:08]} {[%emt 00:00:48]} f6 {[%clk 00:02:55]} {[%emt 00:00:31]} 34. a4
{[%clk 00:08:15]} {[%emt 00:00:25]} Bxd3 {[%clk 00:00:32]} {[%emt 00:02:52]}
35. Kxd3 {[%clk 00:08:26]} {[%emt 00:00:20]} f5 {[%clk 00:00:52]} {[%emt
00:00:10]} 36. f3 {[%clk 00:08:08]} {[%emt 00:00:48]} Rh7 {[%clk 00:00:36]}
{[%emt 00:00:46]} 37. a5 {[%clk 00:08:22]} {[%emt 00:00:16]} Rh8 {[%clk
00:00:32]} {[%emt 00:00:33]} 38. Kc3 {[%clk 00:07:47]} {[%emt 00:01:05]} Kc6
{[%clk 00:00:33]} {[%emt 00:00:30]} 39. f4 {[%clk 00:02:55]} {[%emt 00:05:23]}
exf4 {[%clk 00:00:32]} {[%emt 00:00:31]} 40. Rxf4 {[%clk 00:03:17]} {[%emt
00:00:08]} h4 {[%clk 00:00:37]} {[%emt 00:00:25]} 41. Rxf5 {[%clk 00:02:16]}
{[%emt 00:01:31]} h3 {[%clk 00:00:59]} {[%emt 00:00:07]} 42. Rf6+ {[%clk
00:02:24]} {[%emt 00:00:21]} Kd7 {[%clk 00:00:57]} {[%emt 00:00:30]} 43. Rf1
{[%clk 00:29:01]} {[%emt 00:03:55]} h2 {[%clk 00:30:34]} {[%emt 00:00:53]} 44.
Rh1 {[%clk 00:29:27]} {[%emt 00:00:05]} Kc6 {[%clk 00:27:30]} {[%emt 00:03:35]}
45. Kb3 {[%clk 00:15:37]} {[%emt 00:14:19]} Rh3+ {[%clk 00:16:14]} {[%emt
00:11:45]} 46. Ka4 {[%clk 00:14:07]} {[%emt 00:02:00]} Rh4 {[%clk 00:15:35]}
{[%emt 00:01:08]} 47. b5+ {[%clk 00:01:43]} {[%emt 00:12:56]} Kc5 {[%clk
00:04:46]} {[%emt 00:11:19]} 48. b6 {[%clk 00:01:48]} {[%emt 00:00:24]} Rxc4+
{[%clk 00:04:56]} {[%emt 00:00:20]} 49. Ka3 {[%clk 00:01:24]} {[%emt 00:00:55]}
Rc3+ {[%clk 00:00:45]} {[%emt 00:04:40]} 50. Ka2 {[%clk 00:01:28]} {[%emt
00:00:27]} Rh3 {[%clk 00:00:55]} {[%emt 00:00:19]} 51. b7 {[%clk 00:01:25]}
{[%emt 00:00:33]} Rh8 {[%clk 00:01:15]} {[%emt 00:00:10]} 52. Rb1 {[%clk
00:00:41]} {[%emt 00:01:14]} h1=Q {[%clk 00:00:34]} {[%emt 00:01:12]} 53. Rxh1
{[%clk 00:01:03]} {[%emt 00:00:08]} Rb8 {[%clk 00:00:58]} {[%emt 00:00:06]} 54.
Rb1 {[%clk 00:01:19]} {[%emt 00:00:14]} Kc6 {[%clk 00:00:44]} {[%emt 00:00:44]}
55. a6 {[%clk 00:01:42]} {[%emt 00:00:06]} Kc7 {[%clk 00:01:05]} {[%emt
00:00:09]} 56. a7 {[%clk 00:01:49]} {[%emt 00:00:23]} Rxb7 {[%clk 00:01:30]}
{[%emt 00:00:05]} 57. a8=Q {[%clk 00:02:10]} {[%emt 00:00:09]} 1-0